000 00553nam a22001817a 4500
005 20251127113123.0
008 251121b |||||||| |||| 00| 0 eng d
020 _a978-81-19613-44-1
041 _aeng
082 _a615 MAN-C
100 _aMANDAN, MS SAVITA & GORLE. DR. ASHISH AND NERKAR, DR. PANKAJ
_98761
245 _aCOSMETOLOGY & TOXICOLOGY FOR B. PHARMA/ B,TECH COSMETICS STUDENTS
250 _a1ST ED, 2024
260 _aNEW DELHI
_bINNOVATIVE PUBLICATIONS PVT LTD
_c2024
300 _a92;P
650 _aPHARMACY
_xB. PHARMA
942 _cBK
999 _c8936
_d8934